书目信息 |
| 题名: |
变电站倒闸操作与事故处理
|
|
| 作者: | 鲍晓峰 , 董博武 , 黄北刚 编著 | |
| 分册: | ||
| 出版信息: | 北京 中国电力出版社 2009.04 |
|
| 页数: | 209页 | |
| 开本: | 26cm | |
| 丛书名: | ||
| 单 册: | ||
| 中图分类: | TM63 | |
| 科图分类: | ||
| 主题词: | 变电站--bian dian zhan | |
| 电子资源: | ||
| ISBN: | 978-7-5083-7999-9 | |
| 000 | 00954nam0 2200265 450 | |
| 001 | 012009985700 | |
| 005 | 20090917191032.92 | |
| 010 | @a978-7-5083-7999-9@dCNY29.00 | |
| 100 | @a20090917d2009 em y0chiy0120 ea | |
| 101 | 0 | @achi |
| 102 | @aCN@b110000 | |
| 105 | @aak a 000yy | |
| 106 | @ar | |
| 200 | 1 | @a变电站倒闸操作与事故处理@Abian dian zhan dao zha cao zuo yu shi gu chu li@f鲍晓峰, 董博武, 黄北刚编著@Fbao xiao feng,dong bo wu,huang bei gang bian zhu |
| 210 | @a北京@c中国电力出版社@d2009.04 | |
| 215 | @a209页@c图@d26cm | |
| 320 | @a有书目 (第209页) | |
| 330 | @a本书根据供电企业变电站厂矿自备电厂变电站初级运行值班电工的实际发需要,总结编者实际工作、培训经验,结合现行有关规程。 | |
| 606 | 0 | @a变电站@Abian dian zhan |
| 690 | @aTM63@v4 | |
| 701 | 0 | @a鲍晓峰@Abao xiao feng@4编著 |
| 701 | 0 | @a董博武@Adong bo wu@4编著 |
| 701 | 0 | @a黄北刚@Ahuang bei gang@4编著 |
| 801 | 0 | @aCN@bQSSK@c20090917 |
| 905 | @b754295-97@dTM63@eB307@f3 | |
| 变电站倒闸操作与事故处理/鲍晓峰, 董博武, 黄北刚编著.-北京:中国电力出版社,2009.04 |
| 209页:图;26cm |
| ISBN 978-7-5083-7999-9:CNY29.00 |
| 本书根据供电企业变电站厂矿自备电厂变电站初级运行值班电工的实际发需要,总结编者实际工作、培训经验,结合现行有关规程。 |
| ● |
| 相关链接 |
|
|
|
正题名:变电站倒闸操作与事故处理
索取号:TM63/B307
 
预约/预借
| 序号 | 登录号 | 条形码 | 馆藏地/架位号 | 状态 | 备注 |
| 1 | 754295 | 207542952 | 期刊室512/301自科库 11排2列1层/ [索取号:TM63/B307] | 在馆 | |
| 2 | 754296 | 207542961 | 自科库301/301自科库 15排4列2层/ [索取号:TM63/B307] | 在馆 | |
| 3 | 754297 | 207542970 | 自科库301/301自科库 15排4列2层/ [索取号:TM63/B307] | 在馆 |